|
|
|
|
| LEADER |
00836nam a22002171a 4500 |
| 020 |
|
|
|a 9788170584520
|
| 082 |
|
|
|a AUR 181.4
|b CHA/S
|
| 100 |
|
|
|a Aurobindo
|
| 245 |
|
|
|a Sri Aurobindo and the freedom of India : selections from the works of Sri Aurobindo
|c compiled and edited by Chanda Poddar,Mona Sarkar and Bob Zwicker
|
| 260 |
|
|
|a Pondicherry:
|b Sri Aurobindo Ashram Press,
|c 1995.
|
| 300 |
|
|
|a 288p.
|
| 600 |
|
|
|a Philosophy Sri Aurobindo
|
| 650 |
|
|
|a Works Aurobindo
|
| 650 |
|
|
|a Aurobindo Philosophy
|
| 650 |
|
|
|a Philosophy
|
| 700 |
|
|
|a Mona Sarkar (ed.)
|
| 700 |
|
|
|a Bob Zwicker (ed.)
|
| 700 |
|
|
|a Chanda Poddar (ed.)
|
| 942 |
|
|
|c BK
|
| 999 |
|
|
|c 43598
|d 43598
|
| 952 |
|
|
|0 0
|1 0
|4 0
|6 AUR_181_400000000000000_CHA_A
|7 0
|9 63119
|a SSUS
|b SSUS
|c STACKS
|d 2015-01-08
|g 200.00
|l 2
|o AUR 181.4 CHA/A
|p 024482
|r 2017-12-05
|s 2017-12-04
|v 0.00
|w 2015-01-08
|y BK
|